00748nam a2200217 a 450000100060000000300090000600800410001502000150005604000280007108200140009910000220011324501660013524600670030126000310036830000190039949000180041865000340043665000150047070000260048570000190051125312CO-ViMGA141112s2004 ck r 000 u spa d a8449304326 aCO-ViMGAbspacCO-ViMGA04a657 C692S1 aCovey, Stephen R.10aLos 7 habitos de la gente altamente efectiva : bLa revolucion ética en la vida cotidiana y en la empresa / cStephen R. Covey, traduccion de Jorge Piatigorsky aTitulo original : The seven habits of highly effective people. aEspaña : bPlaneta, c97 a426 p. / 23 cm aPaidos Plural14aComportamiento Organizacional14aLiderazgo 1 aPiatigorsky Jorge, il1 aViano Victor